000 00223nam a22000857a 4500
008 160915b xxu||||| |||| 00| 0 eng d
100 _9499
_aDixit.J.B.
245 _aMathematics-Lab X
260 _aNew Delhi
_bL.P. publications
_c2011
999 _c3156
_d3156